000 00645cam a22002293a 4500
001 18957
003 PGUSA
005 20140828083413.0
008 060731s2006||||xxu|||||s|||||000 1 eng d
040 _aPGUSA
_beng
042 _adc
050 4 _aPR
100 1 _aBarlow, Jane,
_d-1917
245 1 0 _aStrangers at Lisconnel
_h[electronic resource] /
_cJane Barlow
260 _bProject Gutenberg,
_c2006
506 _aPublic domain in the USA.
516 _aElectronic text
653 _aIreland -- Social life and customs -- Fiction
830 0 _aProject Gutenberg
_v18957
856 4 0 _uhttp://www.gutenberg.org/ebooks/18957
942 _cEB
999 _c248212
_d248212